000 00590nam a2200229Ia 4500
003 OSt
005 20221005113719.0
006 a|||||r|||| 00| 0
007 ta
008 221004b |||||||| |||| 00| 0 urd d
024 _a12416
037 _cTextual
040 _aCRL
_cCRL
_burd
041 _2urd
_aurd
082 _aO168:gxNIK,1, J1
100 _aKaul Kishan Prasad
_9624807
245 0 _aAdbi aur Qaumi Tazkirah
260 _c1951
650 _aURDU LITERATURE
942 _hO168:gxNIK,1, J1
_cTEXL
_2cc
999 _c1029027
_d1029027